LEADER 01133nam0-22003611i-450- 001 990008753830403321 005 20081112102824.0 010 $a978-089871-648-1 035 $a000875383 035 $aFED01000875383 035 $a(Aleph)000875383FED01 035 $a000875383 100 $a20081112d2008----km-y0itay50------ba 101 0 $aeng 102 $aUS 105 $aa-------001yy 200 1 $a<>first course in order statistics$fBarry C. Arnold, N. Balakrishnan, H.N. Nagaraja 210 $aNew York$cJohn Wiley$d2008 215 $aXXIII, 279 p.$d24 cm 225 1 $aClassics in applied mathematics$v54 610 0 $aInferenza statistica$aInferenza non parametrica 610 0 $aStatistica ordinale$aManuali 676 $a519.5 700 1$aArnold,$bBarry C.$068522 701 1$aBalakrishnan,$bNarayanaswamy$f<1956- >$0103508 701 1$aNagaraja,$bHaikady Navada$f<1954- >$0103525 801 0$aIT$bUNINA$gRICA$2UNIMARC 901 $aBK 912 $a990008753830403321 952 $aVI E 475 (54)$b43573$fFSPBC 959 $aFSPBC 996 $aFirst course in order statistics$9720074 997 $aUNINA LEADER 01894nam 2200637Ia 450 001 9910454188603321 005 20200520144314.0 010 $a1-282-86349-5 010 $a9786612863493 010 $a0-7735-7284-8 035 $a(CKB)1000000000522687 035 $a(OCoLC)244766214 035 $a(CaPaEBR)ebrary10176055 035 $a(SSID)ssj0000280977 035 $a(PQKBManifestationID)11207451 035 $a(PQKBTitleCode)TC0000280977 035 $a(PQKBWorkID)10300480 035 $a(PQKB)10069504 035 $a(MiAaPQ)EBC3331663 035 $a(CaPaEBR)407584 035 $a(CaBNvSL)slc00209632 035 $a(MiAaPQ)EBC3248732 035 $a(Au-PeEL)EBL3331663 035 $a(CaPaEBR)ebr10178312 035 $a(CaONFJC)MIL286349 035 $a(OCoLC)923230214 035 $a(EXLCZ)991000000000522687 100 $a20030908g20059999 uy 0 101 0 $aeng 135 $aurcn||||||||| 181 $ctxt 182 $cc 183 $acr 200 10$aHalf the globe's our home ; America's century$b[electronic resource] /$fDon Akenson 210 $aMontr?eal $cMcGill-Queen's University Press$dc2005 215 $a1 online resource (709 p.) 225 0 $aAn Irish history of civilization ;$v2 300 $aIncludes index. 311 $a0-7735-3549-7 311 $a0-7735-2891-1 327 $abk. 3. Half the globe's our home -- bk. 4. America's century. 517 3 $aAmerica's century 606 $aIrish$xHistory 607 $aIreland$xEmigration and immigration 607 $aIreland$xHistory 608 $aElectronic books. 615 0$aIrish$xHistory. 676 $a941.5 700 $aAkenson$b Donald H$0482657 801 0$bMiAaPQ 801 1$bMiAaPQ 801 2$bMiAaPQ 906 $aBOOK 912 $a9910454188603321 996 $aHalf the globe's our home ; America's century$92196021 997 $aUNINA LEADER 02283 am 2200649 n 450 001 9910341846603321 005 20190521 010 $a2-35768-091-1 024 7 $a10.4000/books.eua.985 035 $a(CKB)4100000009382725 035 $a(FrMaCLE)OB-eua-985 035 $a(oapen)https://directory.doabooks.org/handle/20.500.12854/41375 035 $a(PPN)240757378 035 $a(EXLCZ)994100000009382725 100 $a20191001j|||||||| ||| 0 101 0 $afre 135 $auu||||||m|||| 181 $ctxt$2rdacontent 182 $cc$2rdamedia 183 $acr$2rdacarrier 200 10$aArts de la scène : Un tournant nécessaire /$fPhilippe Henry 210 $aAvignon $cÉditions Universitaires d?Avignon$d2019 215 $a1 online resource (80 p.) 311 $a2-35768-015-6 330 $aLe monde des arts de la scène est finalement symptomatique des évolutions et des changements contemporains, tant internes aux mondes de l?art que contextuels. Il est de fait exemplaire de bien des mutations actuelles, même s?il présente des spécificités fortes. Celles-ci sont d?ailleurs bienvenues pour examiner, par contrepoint, la dominance actuelle des industries culturelles ou, pour demain, de l?économie créative. 517 $aArts de la scène 517 $aArts de la scène 517 $aArts de la scène  606 $aTheater 606 $aindustrie culturelle 606 $ascène 606 $aart du spéctacle 606 $athéâtre 606 $aéconomie créative 606 $aévolution 610 $aindustrie culturelle 610 $aéconomie créative 610 $aart du spéctacle 610 $aévolution 610 $ascène 610 $athéâtre 615 4$aTheater 615 4$aindustrie culturelle 615 4$ascène 615 4$aart du spéctacle 615 4$athéâtre 615 4$aéconomie créative 615 4$aévolution 700 $aHenry$b Philippe$01285821 701 $aEthis$b Emmanuel$01286053 701 $aHenry$b Philippe$01285821 701 $aMalinas$b Damien$01286056 801 0$bFR-FrMaCLE 906 $aBOOK 912 $a9910341846603321 996 $aArts de la scène : Un tournant nécessaire$93021053 997 $aUNINA LEADER 03935nam 22008295 450 001 9910781006103321 005 20180829125244.0 010 $a1-282-99267-8 010 $a0-230-11291-9 010 $a9786612992674 024 7 $a10.1057/9780230112919 035 $a(CKB)2550000000031949 035 $a(SSID)ssj0000467689 035 $a(PQKBManifestationID)12124026 035 $a(PQKBTitleCode)TC0000467689 035 $a(PQKBWorkID)10490426 035 $a(PQKB)11362095 035 $a(DE-He213)978-0-230-11291-9 035 $a(MiAaPQ)EBC664317 035 $a(PPN)227903277 035 $a(EXLCZ)992550000000031949 100 $a20151029d2010 u| 0 101 0 $aeng 135 $aurnn|008mamaa 181 $ctxt 182 $cc 183 $acr 200 10$aCities and Citizenship at the U.S.-Mexico Border$b[electronic resource] $eThe Paso del Norte Metropolitan Region /$fedited by Kathleen Staudt, César M. Fuentes, Julia E. Monárrez Fragoso 205 $a1st ed. 210 1$aNew York :$cPalgrave Macmillan US :$cImprint: Palgrave Macmillan,$d2010. 215 $a1 online resource (XXI, 250 p.) 300 $aBibliographic Level Mode of Issuance: Monograph 311 $a0-230-10031-7 311 $a0-230-10032-5 320 $aIncludes bibliographical references and index. 327 $asection 1. Security and safety in the border region -- section 2. Globalized production, urban space, and public services -- section 3. Living with globalized risks : poverty, immigration and education -- section 4. Toward new governance?. 330 $aThe volume is a cutting-edge, interdisciplinary approach to analyzing an enormously significant region in ways that clarify the kind of everyday life and work that is generated in a major urban global manufacturing site amid insecurity, inequality, and a virtually absent state. 606 $aInternational relations 606 $aLatin America-Politics and gover 606 $aEthnology-Latin America 606 $aMigration 606 $aPolitical science 606 $aInternational Relations$3http://scigraph.springernature.com/things/product-market-codes/912000 606 $aLatin American Politics$3http://scigraph.springernature.com/things/product-market-codes/911150 606 $aLatin American Culture$3http://scigraph.springernature.com/things/product-market-codes/411080 606 $aMigration$3http://scigraph.springernature.com/things/product-market-codes/X24000 606 $aPolitical Science$3http://scigraph.springernature.com/things/product-market-codes/911000 607 $aMexican-American Border Region$xEmigration and immigration$xSocial aspects$vCase studies 607 $aMexican-American Border Region$xSocial conditions$vCase studies 607 $aMexican-American Border Region$xEconomic conditions$vCase studies 607 $aMexican-American Border Region$xPolitics and government$vCase studies 607 $aCiudad Jua?rez (Mexico)$xSocial conditions 607 $aCiudad Jua?rez (Mexico)$xEconomic conditions 607 $aCiudad Jua?rez (Mexico)$xPolitics and government 615 0$aInternational relations. 615 0$aLatin America-Politics and gover. 615 0$aEthnology-Latin America. 615 0$aMigration. 615 0$aPolitical science. 615 14$aInternational Relations. 615 24$aLatin American Politics. 615 24$aLatin American Culture. 615 24$aMigration. 615 24$aPolitical Science. 676 $a972/.16 702 $aStaudt$b Kathleen$4edt$4http://id.loc.gov/vocabulary/relators/edt 702 $aFuentes$b César M$4edt$4http://id.loc.gov/vocabulary/relators/edt 702 $aFragoso$b Julia E. Monárrez$4edt$4http://id.loc.gov/vocabulary/relators/edt 906 $aBOOK 912 $a9910781006103321 996 $aCities and Citizenship at the U.S.-Mexico Border$93842921 997 $aUNINA LEADER 01782oam 2200565 c 450 001 9910477324903321 005 20240525094506.0 024 7 $a10.3726/b12775 035 $a(CKB)4340000000238976 035 $a(oapen)https://directory.doabooks.org/handle/20.500.12854/28395 035 $a(PH02)9783954795437 035 $a(oapen)doab28395 035 $a(EXLCZ)994340000000238976 100 $a20240525d1976 uy 0 101 0 $ager 135 $aurnnunnnannuu 181 $ctxt$2rdacontent 182 $cc$2rdamedia 183 $acr$2rdacarrier 200 10$aMandat$eP'esa v trech dejstvijach. Redakcija i vstupitel'naja stat'ja V. Kazaka$fNikolaj R. Erdman 205 $a1st, New ed. 210 $aFrankfurt a.M$cPH02$d1976 215 $a1 online resource (109 p.)$c, EPDF 225 0 $aArbeiten und Texte zur Slavistik$v10 300 $aPeter Lang GmbH, Internationaler Verlag der Wissenschaften 311 08$a3-95479-543-4 327 $aDas Mandat. Stu?ck in 3 Akten. 330 $aDer russische Text von Niko?aj Robertovic E?rdmans Komo?die "Mandat" (1924) wird hier aufgrund einer Abschrift aus der Sowjetunion redigiert erstmals vorgelegt. 517 $aMandat 606 $aLiterature & literary studies$2bicssc 610 $aBelletristik 610 $adejstvijach 610 $aErdman 610 $aKazaka 610 $aKömodie 610 $aMandat 610 $anaja 610 $aRedakcija 610 $asowjetisches Theater 610 $astat 610 $atrech 610 $avstupitel 615 7$aLiterature & literary studies 700 $aErdman$b Nikolaj R$4aut$0681264 801 0$bPH02 801 1$bPH02 906 $aBOOK 912 $a9910477324903321 996 $aMandat$93017259 997 $aUNINA